| 000 | 00481 a2200157 4500 | ||
|---|---|---|---|
| 003 | OSt | ||
| 005 | 20230912154512.0 | ||
| 008 | 230912b |||||||| |||| 00| 0 eng d | ||
| 020 | _a9788178795690 | ||
| 040 | _coclc | ||
| 082 |
_a613.7 _bRAM/H |
||
| 245 |
_aHealth, exercise and fitness / _cEdited & compiled by Dr. Briz Mohan T Raman |
||
| 260 |
_aNew Delhi: _bSports Publication, _c2010. |
||
| 300 | _a285 p | ||
| 942 |
_2ddc _cBK _h613.7 _iRAM/H _k613.7 _mRAM/H |
||
| 999 |
_c42507 _d42507 |
||